Biblioteka Instytutu Północnego w Olsztynie

Przewodnik ścieżka dydaktyczno-historyczna Plebiscyt na Warmii, Mazurach i Powiślu w 1920 roku / (Rekord nr 27405)

Szczegóły MARC
000 -Nagłówek
fixed length control field 01901nam a2200469 i 4500
001 - Nr kontrolny bibl., która utworzyła rek.
control field xx005916417
003 - Siglum bibl., której nr kontr. jest w 001
control field NUKAT
005 - Data i czas ostatniej operacji
control field 20260401004535.0
008 - Elementy pola stałej długości
fixed length control field 260401s2018 pl a g |010 0dpol c
035 ## - Systemowy numer kontrolny
systemowy numer kontrolny (NUKAT)xx005916417
040 ## - Instytucja sporządzająca opis
Instytucja, która sporządziła opis OLSZT 008/bak
język katalgowania-trzyzn. kod pol
zasady opisu rda
Instytucja, która sporządziła rekord OLSZT 008/bak
045 0# - Okres czasu dla zawartości
czas między r. 9999 pne a nasz. czas. d1920
046 ## - Kod rodz. daty, data1, data2 (daty pne)
Begin/single date 2018
245 00 - Tytuł właściwy i oznaczenie odpow.
tytuł Przewodnik ścieżka dydaktyczno-historyczna Plebiscyt na Warmii, Mazurach i Powiślu w 1920 roku /
dod. inf. ze s. tyt./ozn. odpow. opracowanie Hanna Krichhof, Grzegorz Wiergowski, Marek Zieliński.
246 30 - Inne formy tytułu, wariant tytułu
tytuł Ścieżka dydaktyczno-historyczna Plebiscyt na Warmii, Mazurach i Powiślu w 1920 roku
260 ## - Adres wydawniczy
miejsce wydania, dystrybucji itp. Rumian :
nazwa wydawcy, dystrybutora itp. [wydawca nieznany],
data wydania, dystrybucji itp. 2018.
300 ## - Opis fizyczny
objętość i/lub forma materiału [10] stron :
inne szczegóły opisu fizycznego ilustracje kolorowe ;
format 21 cm.
336 ## - Content Type
Term Tekst
Code txt
Source rdacontent
337 ## - Media Type
Term Bez urządzenia pośredniczącego
Code n
Source rdamedia
338 ## - Carrier Type
Term Wolumin
Code nc
Source rdacarrier
380 ## - Form of work
Form of work Książki
380 ## - Form of work
Form of work Poradniki i przewodniki
380 ## - Form of work
Form of work Publikacje dydaktyczne
388 1# - TIME PERIOD OF CREATION
Time period of creation term 2001-
500 ## - Uwaga ogólna
uwaga ogólna Opis według okładki; tekst na 2 i 3 stronie okładki.
600 17 - Hasło przedmiotowe-nazwa osobowa
nazwa osobowa Liss, Franciszek
daty biograficzne (1855-1933)
źródło hasła DBN
9 (RLIN) 39378
600 17 - Hasło przedmiotowe-nazwa osobowa
nazwa osobowa Rozentalski, Bolesław
daty biograficzne (1897-1979).
źródło hasła kaba
9 (RLIN) 39384
648 #7 - SUBJECT ADDED ENTRY--CHRONOLOGICAL TERM
Chronological term 1901-2000
Source of heading or term DBN
9 (RLIN) 34996
648 #7 - SUBJECT ADDED ENTRY--CHRONOLOGICAL TERM
Chronological term 1918-1939
Source of heading or term DBN
9 (RLIN) 36041
650 #7 - Hasło przedmiotowe-nazwa pospolita
nazwa pospolita lub geogr. Plebiscyt na Warmii, Mazurach i Powiślu (1920)
źródło hasła DBN
9 (RLIN) 39379
650 #7 - Hasło przedmiotowe-nazwa pospolita
nazwa pospolita lub geogr. Ścieżki edukacyjne
źródło hasła DBN
9 (RLIN) 39381
651 #7 - Hasło przedmiotowe-nazwa geogr.
nazwa geograficzna Groszki (woj. warmińsko-mazurskie, pow. działdowski, gm. Rybno)
źródło hasła DBN
9 (RLIN) 39380
655 #7 - Termin określający rodzaj/formę
rodzaj/forma Przewodnik historyczny
źródło terminu DBN
9 (RLIN) 35417
655 #7 - Termin określający rodzaj/formę
rodzaj/forma Publikacja okolicznościowa
źródło terminu DBN
9 (RLIN) 36813
658 ## - Nazwa określająca cel programu nauczania
główny cel programu nauczania Historia
700 1# - Hasło dodatkowe - nazwa osobowa
nazwa osobowa Kirchhof, Hanna.
rodzaj współpracy Opracowanie
9 (RLIN) 39313
700 1# - Hasło dodatkowe - nazwa osobowa
nazwa osobowa Wiergowski, Grzegorz.
rodzaj współpracy Opracowanie
9 (RLIN) 39312
700 1# - Hasło dodatkowe - nazwa osobowa
nazwa osobowa Zieliński, Marek
tytuł i in. dopow. dot. nazwy (nauczyciel informatyki).
rodzaj współpracy Opracowanie
9 (RLIN) 39377
942 ## - ADDED ENTRY ELEMENTS (KOHA)
Source of classification or shelving scheme Dewey Decimal Classification
Koha item type pozycje dostępne na miejscu
Egzemplarze
Status wycofania Status zagubienia Klasyfikacja Status uszkodzenia Blokada wypożyczeń Kolekcja Lokalizacja macierzysta Lokalizacja bieżąca Data nabycia Numer akcesji Źródło akcesji Cena Nr inwentarzowy il. wypożyczeń Sygnatura Kod kreskowy Date last seen Price effective from Typ egz.
    Dewey Decimal Classification nieuszkodzona   książka w magazynie Biblioteka Instytutu Północnego w Olsztynie Biblioteka Instytutu Północnego w Olsztynie 26/06/2019 D-31/2019 dar 7.00 59805   59805 IPWK21502 01/04/2026 01/04/2026 pozycje dostępne na miejscu
Biblioteka Instytutu Północnego, ul. Partyzantów 87, 10-402 Olsztyn, email: biblioteka(at)ip.olsztyn.pl